Les Théories du complot - Statistiques

Statistiques générales
  • Ce quiz a été pris 240 fois
  • Le résultat moyen est 11 sur 20
Statistiques - réponses
Question Réponse % Correct
Ce roi de la pop ne serait pas mort en 2009, mais vivrait caché sous une fausse identité. Michael Jackson
95%
Cette « zone » militaire américaine existe pour enquêter sur les extraterrestres. Zone 51
88%
Ce président américain aurait été assassiné par la CIA, la mafia ou un second tireur embusqué. John F. Kennedy
83%
La reine Elizabeth a ordonné la mort de cette personne en 1997. Diana
81%
Cette Première dame ferait en réalité partie d'un complot autour de son identité de genre Brigitte Macron
78%
Certains pensent que l’accident mortel de l’humoriste était en fait un assassinat déguisé. Coluche
77%
Cet événement de 1969 a été truqué — tourné dans un « sous-sol à Hollywood ». Premier homme sur la Lune
65%
Cette société secrète contrôlerait les gouvernements, les médias et les célébrités dans l'ombre Illuminati
63%
La destruction de ces tours aurait été causée par des démolitions controlées, pas par des avions. World Trade Center
61%
Maladie qui serait une arme biologique Covid 19
59%
Cette personne ne s’est pas suicidée en 1945, mais a fui en Amérique du Sud. Adolf Hitler
57%
Certains dirigeants ne sont pas humains mais des créatures déguisées Reptilien
57%
Série animée qui est souvent accusée de prédire l'avenir avec ses épisodes Simpsons
55%
Théorie qui affirme que notre planète n'a pas une forme sphérique Terre plate
51%
Ce financier accusé de trafic sexuel ne serait pas suicidé en prison, mais aurait été réduit au silence. Jeffrey Epstein
45%
Technologie qui est accusée par certains de causer des problèmes de santé 5g
32%
Dans les années 1980, la CIA aurait introduit cette drogue dans les quartiers afro-américains. Crack
31%
Ce site archéologique serait une base extraterrestre déguisée Pyramides d'Egypte
25%
Cette famille de banquiers juifs serait à l'origine d'un vaste complot visant à instaurer un Nouvel Ordre mondial. Rothschild
22%
Cet outil météo serait en réalité une arme de contrôle climatique HAARP
12%
Aucun quiz correspondant
Distribution des résultats
% des personnes avec chaque résultat
Percentile par nombre de réponses
Votre historique - résultats
Vous n’avez pas pris ce quiz